|
|
|
|
| LEADER |
00000nam a2200000Ii 4500 |
| 001 |
DIGANBSCH0009 |
| 003 |
NyNyDIG |
| 006 |
m o d |
| 007 |
cr ||||||||||| |
| 008 |
240103s2016 sp a ob 001 0 spa d |
| 035 |
|
|
|a (OCoLC)1417821755
|
| 040 |
|
|
|a DGITA
|b eng
|e rda
|e pn
|c DGITA
|
| 020 |
|
|
|a 9788494159510
|q eBook
|
| 020 |
|
|
|z 9788494159503
|
| 041 |
1 |
|
|a spa
|h eng
|
| 050 |
1 |
4 |
|a HB139 ebook
|
| 082 |
0 |
4 |
|a 330.015195
|2 23
|
| 100 |
1 |
|
|a Angrist, Joshua David,
|e author.
|
| 240 |
1 |
0 |
|a Mastering 'metrics.
|l Spanish
|s (Otero-Piñeiro)
|
| 245 |
1 |
0 |
|a Dominar la econometría :
|b el camino que va de la causa al efecto /
|c Joshua D. Angrist y Jörn-Steffen Pischke ; traducción de Dulcinea Otero-Piñeiro ; revisión científico-técnica de David Galadí-Enríquez.
|
| 264 |
|
1 |
|a Barcelona, España :
|b Antoni Bosch editor,
|c [2016]
|
| 300 |
|
|
|a 1 online resource :
|b illustrations.
|
| 336 |
|
|
|a text
|b txt
|2 rdacontent
|
| 337 |
|
|
|a computer
|b c
|2 rdamedia
|
| 338 |
|
|
|a online resource
|b cr
|2 rdacarrier
|
| 347 |
|
|
|a text file
|2 rdaft
|
| 347 |
|
|
|b PDF
|
| 504 |
|
|
|a Includes bibliographical references and index.
|
| 588 |
0 |
|
|a Online resource; title from PDF title page (Digitalia, viewed January 3, 2024)
|
| 650 |
|
0 |
|a Econometrics.
|
| 700 |
1 |
|
|a Pischke, Jörn-Steffen,
|e author.
|
| 700 |
1 |
|
|a Galadí-Enríquez, David 1969-
|e contributor agent of text.
|
| 700 |
1 |
|
|a Otero-Piñeiro, Dulcinea,
|e translator.
|
| 700 |
1 |
|
|i Translation of:
|a Angrist, Joshua David.
|t Mastering 'metrics.
|
| 791 |
2 |
|
|a Digitalia (Firm),
|e distributor.
|
| 793 |
0 |
|
|g Digitalia eBook Collection:
|a Antoni Bosch Editor
|
| 776 |
0 |
8 |
|i Print version:
|a Angrist, Joshua David.
|s Mastering 'metrics. Spanish (Otero-Piñeiro).
|t Dominar la econometría.
|d Barcelona, España : Antoni Bosch editor, [2016]
|z 9788494159503
|
| 856 |
4 |
0 |
|3 Digitalia Hispánica
|u https://www.digitaliapublishing.com/a/84030/
|
| 910 |
|
|
|a Premium collection: 2024
|